| 000 | 02099nam a2200529 i 4500 | ||
|---|---|---|---|
| 001 | 26096 | ||
| 003 | KOSZ 005 | ||
| 005 | 20201215121429.0 | ||
| 008 | 201215s1973 pl a f 000 0 pol | ||
| 015 | _aUWD 1974/3474 | ||
| 035 | _a991032384819705066 | ||
| 035 | _a(PL-WaBN)b18691213-48omnis_nlop | ||
| 035 | _ab18691213 | ||
| 035 | _a(OCoLC)830817560 | ||
| 035 | _a(PL)b0000001869121 | ||
| 035 | _a(EXLNZ-48OMNIS_NETWORK)9910051165705606 | ||
| 040 |
_aWA N _cWA N _dKOSZ 005/RW |
||
| 046 | _k1973 | ||
| 080 | _a621.3 | ||
| 080 | _a(075.8) | ||
| 245 | 0 | 0 |
_aZbiór zadań z elektrotechniki teoretycznej. _nCz. 1, _pObwody liniowe prądu stałego / _c[autorzy] Jan Hołowiński [et al.]. |
| 260 |
_aZielona Góra : _bWydawnictwo Uczelniane Wyższej Szkoły Inżynierskiej, _c1973. |
||
| 300 |
_a164 strony : _bilustracje ; _c24 cm. |
||
| 336 |
_aTekst _btxt _2rdacontent |
||
| 337 |
_aBez urządzenia pośredniczącego _bn _2rdamedia |
||
| 338 |
_aWolumin _bnc _2rdacarrier |
||
| 380 | _aKsiążki | ||
| 380 | _aPublikacje dydaktyczne | ||
| 385 |
_mPoziom nauczania _aSzkoły wyższe |
||
| 388 | 1 | _a1901-2000 | |
| 388 | 1 | _a1945-1989 | |
| 490 | 1 | _aSkrypt / Wyższa Szkoła Inżynierska im. Jurija Gagarina w Zielonej Górze | |
| 521 | 8 | _aSkrypt przeznaczony jest dla studentów studiów dziennych, wieczorowych i zaocznych. | |
| 650 | 7 | _aPrądy stałe | |
| 650 | 7 | _aObwód elektryczny | |
| 655 | 7 | _aĆwiczenia i zadania dla szkół wyższych | |
| 658 | _aInżynieria i technika | ||
| 700 | 1 |
_aHołowiński, Jan _eAutor |
|
| 700 | 1 |
_aPapiór, Edgar _eAutor |
|
| 700 | 1 |
_aZmyślony, Mirosław _eAutor |
|
| 700 | 1 |
_aRożnowski, Eugeniusz _eAutor |
|
| 710 | 2 |
_aWydawnictwo Uczelniane Wyższej Szkoły Inżynierskiej im. Jurija Gagarina (Zielona Góra) _4pbl |
|
| 830 | 0 | _aSkrypt - Wyższa Szkoła Inżynierska im. Jurija Gagarina w Zielonej Górze | |
| 856 |
_uhttp://koha.tu.koszalin.pl/cgi-bin/koha/opac-detail.pl?biblionumber=26096 _yKatalog online BPK |
||
| 942 |
_2UKD _cKS |
||
| 999 |
_c26096 _d26096 |
||